00734nam a2200169Ia 450000500170000000800410001702000150005808200130007310000150008624500410010126000430014230000190018550002450020494200060044995200940045599900150054920240814015309.0240331s9999 xx 000 0 und d a000207004X bALLa407 aAllen, W.S 0aLiving english structure for schools aCalcuttabOrient Longman Limitedc1958 avii, 184 p ., aBased on practical classroom experience during which these exercises have been tired out and found effective, the book provides selections from cultivated speech in English with instructions on how to use this material for language practice cL 001040708LaWERCLbWERCLcSSCd2024-03-31l0o 407 ALLp711r2024-03-31w2024-03-31yL c3021d3021